LIBRARY & INFORMATION CENTRE, KCAET, TAVANUR

ONLINE PUBLIC ACCESS CATALOGUE (OPAC)

Biochemistry of Foods (Record no. 14208)

MARC details
000 -LEADER
fixed length control field 00309nam a22001337a 4500
020 ## - INTERNATIONAL STANDARD BOOK NUMBER
ISBN 9780122423529
082 ## - DEWEY DECIMAL CLASSIFICATION NUMBER
Classification number 664
Item number ESK/BI
100 ## - MAIN ENTRY--AUTHOR NAME
Personal name Shahidi Fereidoon
-- Eskin , N.A. Michael
245 ## - TITLE STATEMENT
Title Biochemistry of Foods
250 ## - EDITION STATEMENT
Edition statement 3
260 ## - PUBLICATION, DISTRIBUTION, ETC. (IMPRINT)
Place of publication London
Name of publisher Elsevier
Year of publication 2013
300 ## - PHYSICAL DESCRIPTION
Number of Pages 565
942 ## - ADDED ENTRY ELEMENTS (KOHA)
Koha item type Reference

No items available.

free website counter